<?xml version="1.0" encoding="UTF-8"?>
<record
    xmlns:xsi="http://www.w3.org/2001/XMLSchema-instance"
    xsi:schemaLocation="http://www.loc.gov/MARC21/slim http://www.loc.gov/standards/marcxml/schema/MARC21slim.xsd"
    xmlns="http://www.loc.gov/MARC21/slim">

  <leader>01355nam a2200301Ia 4500</leader>
  <controlfield tag="005">20220316235325.0</controlfield>
  <controlfield tag="008">121119s2003    ck a   gr     000 j spa  </controlfield>
  <datafield tag="020" ind1=" " ind2=" ">
    <subfield code="a">958300572X</subfield>
  </datafield>
  <datafield tag="041" ind1="0" ind2=" ">
    <subfield code="a">spa</subfield>
  </datafield>
  <datafield tag="245" ind1="0" ind2="0">
    <subfield code="a">Cuentos costumbristas colombianos</subfield>
    <subfield code="b">obras maestras</subfield>
    <subfield code="c">selecci&#xF3;n y notas, Carlos Nicol&#xE1;s Hern&#xE1;ndez, Clara Mej&#xED;a ; ilustraciones, Eric Nieto Torres</subfield>
  </datafield>
  <datafield tag="250" ind1=" " ind2=" ">
    <subfield code="a">Primera edici&#xF3;n</subfield>
  </datafield>
  <datafield tag="264" ind1=" " ind2="1">
    <subfield code="a">Bogot&#xE1;</subfield>
    <subfield code="b">Panamericana</subfield>
    <subfield code="c">2003</subfield>
  </datafield>
  <datafield tag="300" ind1=" " ind2=" ">
    <subfield code="a">256 p&#xE1;ginas</subfield>
    <subfield code="b">ilustraciones</subfield>
  </datafield>
  <datafield tag="336" ind1=" " ind2=" ">
    <subfield code="a">texto</subfield>
    <subfield code="b">txt</subfield>
    <subfield code="2">rdacontent</subfield>
  </datafield>
  <datafield tag="337" ind1=" " ind2=" ">
    <subfield code="a">sin mediaci&#xF3;n</subfield>
    <subfield code="b">n</subfield>
    <subfield code="2">rdamedia</subfield>
  </datafield>
  <datafield tag="338" ind1=" " ind2=" ">
    <subfield code="a">volumen</subfield>
    <subfield code="b">nc</subfield>
    <subfield code="2">rdacarrier</subfield>
  </datafield>
  <datafield tag="490" ind1="0" ind2=" ">
    <subfield code="a">Biblioteca del cuento colombiano</subfield>
  </datafield>
  <datafield tag="505" ind1="0" ind2=" ">
    <subfield code="a">1.Una ronda de don Ventura Ahumada / Eugenio D&#xED;az Castro ; 2.San Anto&#xF1;ito / Tom&#xE1;s Carrasquilla -- 3.Que pase el aserrador / Jes&#xFA;s del Corral -- 4.El machete / Julio Posada -- 5.Trovando con el diablo / Wenceslao Montoya -- 6.Sans&#xF3;n Monta&#xF1;&#xE9;s / Alfonso Castro -- 7.El &#xFA;ltimo.  </subfield>
  </datafield>
  <datafield tag="650" ind1="1" ind2="4">
    <subfield code="2">LEMB</subfield>
    <subfield code="a">Literatura colombiana</subfield>
  </datafield>
  <datafield tag="650" ind1="1" ind2="4">
    <subfield code="2">LEMB</subfield>
    <subfield code="a">Cuentos colombianos</subfield>
  </datafield>
  <datafield tag="651" ind1=" " ind2="4">
    <subfield code="a">Colombia</subfield>
    <subfield code="x">Vida social y costumbres</subfield>
    <subfield code="v">Cuentos</subfield>
    <subfield code="9">117701</subfield>
  </datafield>
  <datafield tag="700" ind1="1" ind2=" ">
    <subfield code="a">Hern&#xE1;ndez, Carlos Nicol&#xE1;s</subfield>
    <subfield code="e">compilador</subfield>
    <subfield code="9">10798</subfield>
  </datafield>
  <datafield tag="700" ind1="1" ind2=" ">
    <subfield code="a">Mej&#xED;a, Clara</subfield>
    <subfield code="e">compilador</subfield>
    <subfield code="9">117702</subfield>
  </datafield>
  <datafield tag="700" ind1="1" ind2=" ">
    <subfield code="a">Nieto Torres, Eric</subfield>
    <subfield code="e">ilustrador</subfield>
    <subfield code="9">16629</subfield>
  </datafield>
  <datafield tag="942" ind1=" " ind2=" ">
    <subfield code="2">loc</subfield>
    <subfield code="c">BKLIT</subfield>
  </datafield>
  <datafield tag="040" ind1=" " ind2=" ">
    <subfield code="a">CO-BoRNBP</subfield>
    <subfield code="b">spa</subfield>
    <subfield code="e">rda</subfield>
    <subfield code="c">CO-BoRNBP</subfield>
  </datafield>
  <datafield tag="084" ind1=" " ind2=" ">
    <subfield code="a">C CUE28</subfield>
  </datafield>
  <datafield tag="999" ind1=" " ind2=" ">
    <subfield code="c">602</subfield>
    <subfield code="d">602</subfield>
  </datafield>
  <datafield tag="952" ind1=" " ind2=" ">
    <subfield code="0">0</subfield>
    <subfield code="1">0</subfield>
    <subfield code="2">ddc</subfield>
    <subfield code="4">0</subfield>
    <subfield code="7">0</subfield>
    <subfield code="8">GEN</subfield>
    <subfield code="a">MEDORADO</subfield>
    <subfield code="b">MEDORADO</subfield>
    <subfield code="c">LIT</subfield>
    <subfield code="d">2023-02-24</subfield>
    <subfield code="l">0</subfield>
    <subfield code="o">CCUE28</subfield>
    <subfield code="p">DOR01958</subfield>
    <subfield code="r">2023-02-24 00:00:00</subfield>
    <subfield code="t">Ej.1</subfield>
    <subfield code="w">2023-02-24</subfield>
    <subfield code="y">BKLIT</subfield>
  </datafield>
  <datafield tag="952" ind1=" " ind2=" ">
    <subfield code="0">0</subfield>
    <subfield code="1">0</subfield>
    <subfield code="2">ddc</subfield>
    <subfield code="4">0</subfield>
    <subfield code="7">0</subfield>
    <subfield code="8">GEN</subfield>
    <subfield code="a">MECASTIL</subfield>
    <subfield code="b">MECASTIL</subfield>
    <subfield code="c">LIT</subfield>
    <subfield code="d">2023-08-18</subfield>
    <subfield code="l">0</subfield>
    <subfield code="o">C CUE28</subfield>
    <subfield code="p">EC02604</subfield>
    <subfield code="r">2023-08-18 22:02:27</subfield>
    <subfield code="t">Ej.1</subfield>
    <subfield code="w">2023-08-18</subfield>
    <subfield code="y">BKLIT</subfield>
  </datafield>
  <datafield tag="952" ind1=" " ind2=" ">
    <subfield code="0">0</subfield>
    <subfield code="1">0</subfield>
    <subfield code="2">ddc</subfield>
    <subfield code="4">0</subfield>
    <subfield code="7">0</subfield>
    <subfield code="8">GEN</subfield>
    <subfield code="a">MECABUYA</subfield>
    <subfield code="b">MECABUYA</subfield>
    <subfield code="c">LIT</subfield>
    <subfield code="d">2023-09-19</subfield>
    <subfield code="l">0</subfield>
    <subfield code="o">C CUE28</subfield>
    <subfield code="p">CAB000684</subfield>
    <subfield code="r">2023-09-19 21:36:22</subfield>
    <subfield code="t">Ej.1</subfield>
    <subfield code="w">2023-09-19</subfield>
    <subfield code="y">BKLIT</subfield>
  </datafield>
  <datafield tag="952" ind1=" " ind2=" ">
    <subfield code="0">0</subfield>
    <subfield code="1">0</subfield>
    <subfield code="2">ddc</subfield>
    <subfield code="4">0</subfield>
    <subfield code="7">0</subfield>
    <subfield code="8">GEN</subfield>
    <subfield code="a">MEBAUPIA</subfield>
    <subfield code="b">MEBAUPIA</subfield>
    <subfield code="c">LIT</subfield>
    <subfield code="d">2023-09-21</subfield>
    <subfield code="l">0</subfield>
    <subfield code="o">C CUE28</subfield>
    <subfield code="p">BUP00566</subfield>
    <subfield code="r">2023-09-21 14:24:57</subfield>
    <subfield code="t">Ej.1</subfield>
    <subfield code="w">2023-09-21</subfield>
    <subfield code="y">BKLIT</subfield>
  </datafield>
  <datafield tag="952" ind1=" " ind2=" ">
    <subfield code="0">0</subfield>
    <subfield code="1">0</subfield>
    <subfield code="2">ddc</subfield>
    <subfield code="4">0</subfield>
    <subfield code="7">0</subfield>
    <subfield code="8">001</subfield>
    <subfield code="a">MEMAPIRI</subfield>
    <subfield code="b">MEMAPIRI</subfield>
    <subfield code="c">LIT</subfield>
    <subfield code="d">2024-01-19</subfield>
    <subfield code="l">0</subfield>
    <subfield code="o">C CUE28</subfield>
    <subfield code="p">MAP00002486</subfield>
    <subfield code="r">2024-01-19 21:31:36</subfield>
    <subfield code="t">Ej.1</subfield>
    <subfield code="w">2024-01-19</subfield>
    <subfield code="y">BKLIT</subfield>
  </datafield>
  <datafield tag="952" ind1=" " ind2=" ">
    <subfield code="0">0</subfield>
    <subfield code="1">0</subfield>
    <subfield code="2">ddc</subfield>
    <subfield code="4">0</subfield>
    <subfield code="7">0</subfield>
    <subfield code="8">GEN</subfield>
    <subfield code="a">MECUMARA</subfield>
    <subfield code="b">MECUMARA</subfield>
    <subfield code="c">LIT</subfield>
    <subfield code="d">2024-07-05</subfield>
    <subfield code="l">0</subfield>
    <subfield code="o">CCUE28</subfield>
    <subfield code="p">CUM00769</subfield>
    <subfield code="r">2024-07-05 09:04:02</subfield>
    <subfield code="t">Ej.1</subfield>
    <subfield code="w">2024-07-05</subfield>
    <subfield code="y">BKLIT</subfield>
  </datafield>
  <datafield tag="952" ind1=" " ind2=" ">
    <subfield code="0">0</subfield>
    <subfield code="1">0</subfield>
    <subfield code="2">ddc</subfield>
    <subfield code="4">0</subfield>
    <subfield code="7">0</subfield>
    <subfield code="8">GEN</subfield>
    <subfield code="a">MEURIBE</subfield>
    <subfield code="b">MEURIBE</subfield>
    <subfield code="c">LIT</subfield>
    <subfield code="d">2024-12-23</subfield>
    <subfield code="l">0</subfield>
    <subfield code="o">C CUE28</subfield>
    <subfield code="p">URI02007</subfield>
    <subfield code="r">2024-12-23 09:41:05</subfield>
    <subfield code="t">Ej.1</subfield>
    <subfield code="w">2024-12-23</subfield>
    <subfield code="y">BKLIT</subfield>
  </datafield>
</record>
